<?xml version="1.0" encoding="UTF-8"?>
<record
    xmlns:xsi="http://www.w3.org/2001/XMLSchema-instance"
    xsi:schemaLocation="http://www.loc.gov/MARC21/slim http://www.loc.gov/standards/marcxml/schema/MARC21slim.xsd"
    xmlns="http://www.loc.gov/MARC21/slim">

  <leader>00440nam a22001097a 4500</leader>
  <controlfield tag="008">151013b        xxu||||| |||| 00| 0 eng d</controlfield>
  <datafield tag="020" ind1=" " ind2=" ">
    <subfield code="a">000000000394</subfield>
  </datafield>
  <datafield tag="082" ind1=" " ind2=" ">
    <subfield code="a">330.06 78 MPA</subfield>
  </datafield>
  <datafield tag="100" ind1=" " ind2=" ">
    <subfield code="a">MPANGALA GAUDENS, P</subfield>
  </datafield>
  <datafield tag="245" ind1=" " ind2=" ">
    <subfield code="a">MAJOR ISSUES IN TANZANIA ECONOMIC HISTORY:</subfield>
    <subfield code="b">STAE POLICIES AND THE QUESTION OF TRANSFORMATION OF PEASANT AGRICULTURE THROUGH A HUNDRED YEARS, 1891-1990 </subfield>
  </datafield>
  <datafield tag="260" ind1=" " ind2=" ">
    <subfield code="a">DAR ES SALAAM </subfield>
    <subfield code="b">INSTITUTE OF KISWAHILI RESEARCH </subfield>
    <subfield code="c">2000</subfield>
  </datafield>
  <datafield tag="999" ind1=" " ind2=" ">
    <subfield code="c">3538</subfield>
    <subfield code="d">3538</subfield>
  </datafield>
</record>
